| 000 | 01415cam a2200373 a 4500 | ||
|---|---|---|---|
| 001 | EDZ0000063949 | ||
| 003 | StDuBDS | ||
| 005 | 20161031105145.0 | ||
| 006 | m||||||||d|||||||| | ||
| 007 | cr ||||||||||| | ||
| 008 | 120326s1997 enka fo| 001|0|eng d | ||
| 020 |
_a9781446219034 (ebook) : _cNo price |
||
| 040 |
_aStDuBDS _beng _cStDuBDS _epn |
||
| 049 | _aAlfaisal Main Library | ||
| 050 | 0 |
_aHF5549.5.C35 _bA76 1997 |
|
| 082 | 0 | 4 |
_a650.14 _223 |
| 100 | 1 |
_aArnold, John, _d1958- |
|
| 245 | 1 | 0 |
_aManaging careers into the 21st century _h[electronic resource]. / _cJohn Arnold. |
| 260 |
_aLondon : _bPaul Chapman, _c1997. |
||
| 300 |
_a1 online resource (xiv, 231 p.) : _bill. |
||
| 490 | 1 | _aHuman resource management | |
| 520 | 8 | _aThis book is not primarily a do-it-yourself career manual, but nevertheless contains much that will assist people to manage their own careers better. | |
| 521 | _aSpecialized. | ||
| 588 | _aDescription based on print version record. | ||
| 504 | _aIncludes bibliographical references and index. | ||
| 650 | 0 | _aCareer development. | |
| 650 | 0 | _aPersonnel management. | |
| 655 | 7 |
_aElectronic books. _2local |
|
| 710 | 2 | _aSage eBooks | |
| 776 | 0 | 8 |
_iPrint version : _z9781853963179 |
| 830 | 0 | _aHuman resource management. | |
| 856 | 4 | 0 | _uhttp://ezproxy.alfaisal.edu/login?url=http://sk.sagepub.com/books/managing-careers-into-the-21st-century |
| 942 |
_2lcc _cEBOOKS |
||
| 999 |
_c480569 _d480569 |
||